000 00826 a2200241 4500
001 119266
020 _a9788506047989
041 _apor
082 _a[E]
250 _a1.ed.
490 _aBrincando e aprendendo
520 _aTodas as crianças vão se divertir lendo e brincando com este livro mágico! Ele apresenta grandes descobertas para as crianças, que vão entrar em um mundo encantado, repleto de palavras, números, cores, formas e outras fantásticas surpresas!
521 _aJK
697 _aLiteratura infantil.
700 _aCiranda Cultural.
830 _aBrincando e aprendendo
856 _u000034/000034c8.jpg
040 _aBR-BrIDEA
_cBR-BrIDEA
090 _aA JK [E]
_bCIR
245 1 0 _aAs formas
_cCiranda Cultural
260 _aSão Paulo
_bCiranda Cultural Editora
_c2006
942 _cBK
999 _c119266
_d119266